MARC

LEADER 00000nam1a2200000 4500
001 251845
005 20231031213628.0
010 |a 9785937611635 
020 |a RU 
035 |a (RuTPU)RU\TPU\book\274157 
090 |a 251845 
100 |a 20140225a2010 km y0rusy5003 ca 
101 0 |a rus 
102 |a RU 
200 1 |a Российская геологическая энциклопедия  |e в 3 т.  |f Федеральное агентство по недропользованию (Роснедра) ; Российский государственный геологоразведочный университет им. Серго Орджоникидзе (РГГРУ) ; Российская академия естественных наук (РАЕН), Институт геолого-экономических проблем (ИГЭП) ; под ред. Е. А. Козловского ; А. А. Ледовских 
210 |a Москва  |a Санкт-Петербург  |c Изд-во ВСЕГЕИ  |d 2010-2012 
702 1 |a Козловский  |b Е. А.  |4 340 
702 1 |a Ледовских  |b А. А.  |4 340 
712 0 2 |a Федеральное агентство по недропользованию (Роснедра)  |2 stltpush  |3 (RuTPU)RU\TPU\col\16905 
712 0 2 |a Российский государственный геологоразведочный университет им. Серго Орджоникидзе (РГГРУ)  |c (Москва)  |c (2005- )  |2 stltpush  |3 (RuTPU)RU\TPU\col\8432 
712 0 2 |a Российская академия естественных наук (РАЕН)  |b Институт геолого-экономических проблем (ИГЭП)  |c (Москва)  |2 stltpush  |3 (RuTPU)RU\TPU\col\3943 
801 0 |a RU  |b RuMRKP  |c 19950417  |g psbo 
801 1 |a RU  |b 63413507  |c 20140225 
801 2 |a RU  |b 63413507  |c 20191118  |g RCR 
942 |c BK